{"text_format":"3","workbook":"xls","n_sheets":2,"sheets":["邳州公司","巨野分公司"],"read":"whole","date_system":"1900","formulas":"cached_only"}

{"sheet":"邳州公司","index":0,"n_rows":9,"n_cols":13,"rows_kept":9,"merged":[[0,2,0,11],[1,2,1,11],[2,2,2,11]],"flags":["formulas_cached_only"]}
[null,null,"五金收料统计日报表"]
[null,null,"日期： 2019    年    5  月  25  日                             填表人： 梅瑞雪"]
[null,null,"单位：大力神管桩有限公司"]
[null,"入库单号","品名","规格","数量","单位","单价","金额","供应商名称","联系方式","采购员","检验员","备注"]
[null,"WIN0050608","离心机跑轮挡边",null,10,"套",1450,14500,"马鞍山顺昌机械科技有限公司",null,"戴春举","汤旭","φ640"]
[null,null,"张拉螺母","80*8",6,"个",760,4560,null,null,"戴春举","汤旭"]
[null,"WIN0050609","发动机",null,1,"台",2400,2400,"现金供应商（孟庆喜）",null,"戴春举","崔永科","玉柴旧发动机4108"]
[null,"WIN0050610","手推车轴",null,1,"根",25,25,"现金（邳州石荣海建材五金）",null,"戴春举","陆永华"]
[null,"WIN0050611","蚊香",null,4,"盒",2.5,10,"现金供应商（冯达）",null,"戴春举","梅瑞雪","30支/盒，小事一桩蚊蝇香"]

{"sheet":"巨野分公司","index":1,"n_rows":56,"n_cols":12,"rows_kept":56,"merged":[[0,0,0,11],[1,0,1,11],[2,0,2,11]],"flags":["formulas_cached_only"]}
["五金收料统计日报表"]
["日期： 2019  年 05月25 日                             填表人： 杨振华"]
["单位：江苏大力神管桩有限公司巨野分公司"]
["入库单号","品名","规格","数量","单位","单价","金额","供应商名称","联系方式","采购员","检验员","备注"]
["WIN008702","大车主动轮","600#",2,"套",4000,8000,"徐州宏特起重设备有限公司",null,"王成军","甘星允"]
[null,"大车被动轮","600#",2,"套",3650,7300,"徐州宏特起重设备有限公司",null,"王成军","甘星允"]
[null,"内外套","290#",4,"套",550,2200,"徐州宏特起重设备有限公司",null,"王成军","甘星允"]
["WIN008703","洗衣粉",null,140,"袋",1.7,238,"王敏针织百货批发",null,"王成军","甘星允"]
["WIN008704","连轴器","32*10.5",2,"个",25,50,"巨野县德重电器维修中心",null,"张传朋","甘星允"]
["WIN008705","电磁阀线圈","4V410-15",4,"个",65,260,"巨野县润润五金门市部",15764010540,"张传朋","甘星允"]
["WIN008706","三角带","A1143",10,"根",5.7,57,"巨野县耐驰三角带经销部",null,"张传朋","甘星允"]
["WIN008707","胶",801,6,"袋",15,90,"巨野县亚美涂料",null,"张传朋","甘星允"]
["WIN008708","法兰盘（加工件）","180*12",1,"件",35,35,"巨野县麒麟镇瑞麟机床加工厂",18253062776,"张传朋","甘星允"]
[{"$nulls":6},0]
[{"$nulls":6},0]
[{"$nulls":6},0]
[{"$nulls":6},0]
[{"$nulls":6},0]
[{"$nulls":6},0]
[{"$nulls":6},0]
[{"$nulls":6},0]
[{"$nulls":6},0]
[{"$nulls":6},0]
[{"$nulls":6},0]
[{"$nulls":6},0]
[{"$nulls":6},0]
[{"$nulls":6},0]
[{"$nulls":6},0]
[{"$nulls":6},0]
[{"$nulls":6},0]
[{"$nulls":6},0]
[{"$nulls":6},0]
[{"$nulls":6},0]
[{"$nulls":6},0]
[{"$nulls":6},0]
[{"$nulls":6},0]
[{"$nulls":6},0]
[{"$nulls":6},0]
[{"$nulls":6},0]
[{"$nulls":6},0]
[{"$nulls":6},0]
[{"$nulls":6},0]
[{"$nulls":6},0]
[{"$nulls":6},0]
[{"$nulls":6},0]
[{"$nulls":6},0]
[{"$nulls":6},0]
[{"$nulls":6},0]
[{"$nulls":6},0]
[{"$nulls":6},0]
[{"$nulls":6},0]
[{"$nulls":6},0]
[{"$nulls":6},0]
[{"$nulls":6},0]
[{"$nulls":6},0]
[{"$nulls":6},0]